000 00717nam a22002777a 4500
001 BR9509901
003 BR-BrBNA
005 20230928094809.0
007 ta
008 230509b bl.||||| |||| 00| 0 por d
040 _aBR-BrBNA
_bpor
_cBiblioteca Nacional de Agricultura
041 _a(Por)
072 _aP33
090 _ P33 BR9509901
100 1 _aBuckman, H.O.
100 1 _aBrady, N.C.
245 1 _aNatureza e propriedades dos solos
250 1 _a2. ed.
260 3 _aRio de Janeiro, GB (Brasil):
_bFreitas Bastos,
_c1968.
300 _a594 p.
650 _aClassificacao do Solo
650 _aFertilidade
650 _aQuimica do Solo
909 _a202309
_bLucia
_c55
_dLucia Elande
942 _cBK
999 _c52692
_d52692